000 00354nam a2200145Ia 4500
008 230917s9999||||xx |||||||||||||| ||und||
040 _e77508
_aMAIN
041 _aEnglish
082 _a34:368.03 I1D
100 _aIvamy, E R Hardy
245 0 _aDictionary of insurance law
260 _aLondon
_bButterworths
_c1981
300 _a166 p.
942 _cBK
999 _c222277
_d222277